Presidents and Assassins - Statistics

General Stats
  • This quiz has been taken 29 times
  • The average score is 6 of 8
Answer Stats
Picture Hint Answer % Correct
President Abraham Lincoln
100%
President John F. Kennedy
100%
Assassin John Wilkes Booth
96%
Assassin Lee Harvey Oswald
91%
President James A. Garfield
74%
President William McKinley
74%
Assassin Charles Guiteau
30%
Assassin Leon Czolgosz
30%
No matching quizzes found
Score Distribution
Percent of People with Each Score
Percentile by Number Answered
Your Score History
You have not taken this quiz